000 00702nam a2200205Ii 4500
003 JO-AjNU
008 230605s9999||||xx |||||||||||||| ||und||
040 _aJO-AjNU
_bara
_erda
_cJO-AjNU
041 _aara
050 1 4 _aPJ7696.T3.A17 2002
100 3 _aشرحه وقدم له ناصر الدين،مهدي محمد,
_eauthor
_933664
245 0 0 _aديوان طرفة بن العبد
250 _aط2
264 3 1 _aبيروت:دار الكتب العلمية،2002
300 _a85ص
336 _atext
_btxt
_2rdacontent
337 _aunmediated
_bn
_2rdamedia
338 _avolume
_bnc
_2rdacarrier
650 4 _aالشعر العربي - تاريخ ونقد - العصر الجاهلي
_933665
999 _aA13725
_c17293
_d17293